00621nam a2200181Ia 4500008004100000020001500041041000800056082001600064100002300080245008800103250000600191260004400197300001300241650001300254700002300267999001900290952013000309210716s2004 xx 000 0 und d a8178813440 aeng a332.17 LAKS aLakshmi, S Vijaya. aABC of activity-based costing: concepts and experiences.bConcepts and experiences. a1 aHyderabadbICFAI University Pressc2004 aviii,169 aTaxation aLakshmi, S Vijaya. c202276d202276 00102ddc40738MBAaAIMITbAIMITd2008-03-16g375.00l0o332.17 LAKSpMBA04842r2025-07-21 00:00:00v187.50w2021-07-16yBK